Hospodářské výpočty pro učitele ekonomických předmětů

Salvato in:
Dettagli Bibliografici
Autore principale: Eichler, Bohuslav
Ente Autore: Vysoká škola ekonomická v Praze. Národohospodářská fakulta
Altri autori: Rotport, Miloslav
Natura: Libro
Lingua:ceco
Pubblicazione: Praha Státní pedagogické nakladatelství 1981
Tags: Aggiungi Tag
Nessun Tag, puoi essere il primo ad aggiungerne!!

MARC

LEADER 00000nam a2200000 4500
001 c131619
005 20190204091514.2
041 0 |a cze 
044 |a CZ 
245 1 0 |a Hospodářské výpočty pro učitele ekonomických předmětů  |c Bohuslav Eichler, Miloslav Rotport 
264 1 |a Praha  |b Státní pedagogické nakladatelství  |c 1981 
300 |a 209 s. 
100 1 |a Eichler, Bohuslav 
700 1 |a Rotport, Miloslav 
710 2 |a Vysoká škola ekonomická v Praze. Národohospodářská fakulta